00673nam a2200145Ia 4500008004100000100001900041245008400060245009500144260000900239300002900248440003000277650012900307999001900436952007200455171207s9999 xx 000 0 und d aStevens, Robin 4aThe digital hood: Social media use among youth in disadvantaged neighborhoods  cRobin Stevens, Stacia Gilliard-Matthews, Jamie Dunaev, Marcus K Woods, Bridgette M Brawner c2017 apages 950-967, June 2017 aNew Media & Societyv19:6 aAfrican American, digital neighborhood, Facebook, Internet, Latino/a, neighborhood disadvantage, sexual health, social media c347659d347659 001040aCLbCLd2017-12-07l0r2017-12-07 00:00:00w2017-12-07ySE